[Event "FRA-chT1 Regionale 1011"]
[Site "France"]
[Date "2010.10.10"]
[Round "1.1"]
[White "Lecomte, Sam"]
[Black "Renard, Stephane"]
[Result "1/2-1/2"]
[WhiteElo "2130"]
[BlackElo "1978"]
[PlyCount "112"]
[EventDate "2010.10.10"]
[EventType "team-tourn"]
[EventRounds "7"]
[EventCountry "FRA"]
[SourceTitle "EXT 2019"]
[Source "ChessBase"]
[SourceDate "2018.10.10"]
[SourceVersion "1"]
[SourceVersionDate "2018.10.10"]
[SourceQuality "1"]

1. Nf3 f5 2. g3 Nf6 3. Bg2 d6 4. d4 g6 5. 0-0 Bg7 6. c4 0-0 7. Nc3 Qe8 8. d5 a5 9. Nd4 Na6 10. b3 h6 11. Bb2 g5 12. e3 Qg6 13. Qe2 f4 14. exf4 gxf4 15. Ne6 Bxe6 16. Qxe6+ Qf7 17. Rfe1 Nc5 18. Qxf7+ Kxf7 19. Rad1 Rfe8 20. Nb5 Na6 21. Bc3 fxg3 22. hxg3 b6 23. Bh3 Nh5 24. Bg4 Nf6 25. Bxf6 Kxf6 26. Bd7 Rf8 27. Rd4 Rf7 28. Re6+ Kg5 29. Rh4 Bf6 30. f4+ Kg6 31. Rg4+ Kh7 32. Re2 Rg7 33. Bf5+ Kh8 34. Kg2 Rxg4 35. Bxg4 Kg7 36. Kf3 Kf7 37. Rh2 Rh8 38. Be6+ Kg7 39. Kg4 Rd8 40. Kh5 Rf8 41. Rg2 Rh8 42. Kg4 Rf8 43. Kf3 Rh8 44. g4 Rf8 45. Ke3 Rh8 46. Nd4 Bxd4+ 47. Kxd4 Kf6 48. Rh2 Kg6 49. Bf5+ Kg7 50. Re2 Kf7 51. Rh2 Kg7 52. Rh5 Nc5 53. g5 hxg5 54. Rxh8 Kxh8 55. fxg5 Kg7 56. Kc3 Kf7 1/2-1/2

[Event "FRA-chT4 Nord-Pas-de-Calais 0910"]
[Site "France"]
[Date "2010.03.14"]
[Round "6.1"]
[White "Lecomte, Sam"]
[Black "Renard, Stephane"]
[Result "1/2-1/2"]
[WhiteElo "2137"]
[BlackElo "1992"]
[PlyCount "108"]
[EventDate "2009.10.04"]
[EventType "team-tourn"]
[EventRounds "7"]
[EventCountry "FRA"]
[SourceTitle "EXT 2019"]
[Source "ChessBase"]
[SourceDate "2018.10.10"]
[SourceVersion "1"]
[SourceVersionDate "2018.10.10"]
[SourceQuality "1"]

1. d4 f5 2. c4 Nf6 3. g3 e6 4. Bg2 d5 5. Nf3 c6 6. 0-0 Bd6 7. b3 Qe7 8. Bb2 0-0 9. Nbd2 b6 10. Ne5 Bb7 11. Rc1 Nbd7 12. Ndf3 Rac8 13. a3 a5 14. Nd3 Ng4 15. h3 Nh6 16. c5 bxc5 17. dxc5 Nxc5 18. Nxc5 Bxc5 19. Qd2 Bxa3 20. Bxa3 Qxa3 21. Nd4 Rfe8 22. Ra1 Qb4 23. Qxb4 axb4 24. Ra7 Ba8 25. Rfa1 e5 26. Nc2 e4 27. Nxb4 c5 28. Na6 Bc6 29. Nxc5 Ra8 30. e3 Nf7 31. Bf1 Ne5 32. Be2 h6 33. Kf1 Rxa7 34. Rxa7 Ra8 35. Rxa8+ Bxa8 36. Ke1 Kf7 37. Kd2 Ke7 38. Kc3 Kd6 39. b4 Bc6 40. Nb3 g5 41. h4 gxh4 42. gxh4 f4 43. exf4 Ng6 44. f5 Nxh4 45. Nd4 Bd7 46. f6 Ng6 47. Kd2 Ke5 48. Ke3 Kxf6 49. b5 Ke5 50. b6 Bc8 51. Nc6+ Kf5 52. Nd8 Nf4 53. Bf1 Ke5 54. b7 Bxb7 1/2-1/2

[Event "BEL FEFB-ch"]
[Site "Fontaine l'Eveque"]
[Date "2004.??.??"]
[Round "5"]
[White "Lecomte, Sam"]
[Black "Akhayan, Ruben"]
[Result "1-0"]
[WhiteElo "2091"]
[BlackElo "2279"]
[PlyCount "35"]
[EventDate "2004.05.20"]
[EventType "swiss"]
[EventRounds "7"]
[EventCountry "BEL"]
[SourceTitle "EXT 2008"]
[Source "ChessBase"]
[SourceDate "2007.11.25"]
[SourceVersion "1"]
[SourceVersionDate "2007.11.25"]
[SourceQuality "1"]

1. d4 Nf6 2. Nf3 g6 3. g3 Bg7 4. Bg2 0-0 5. 0-0 d5 6. c4 c6 7. cxd5 cxd5 8. Nc3 Nc6 9. Bf4 Ne4 10. Ne5 Nxc3 11. bxc3 f6 12. Nxc6 bxc6 13. Qa4 Qb6 14. e4 e6 15. Rfe1 Ba6 16. Rab1 Bb5 17. Qd1 Qa5 18. Bd6 1-0

[Event "BEL FEFB-ch"]
[Site "Fontaine l'Eveque"]
[Date "2004.??.??"]
[Round "3"]
[White "Lombart, Philippe"]
[Black "Lecomte, Sam"]
[Result "0-1"]
[WhiteElo "2039"]
[BlackElo "2091"]
[PlyCount "92"]
[EventDate "2004.05.20"]
[EventType "swiss"]
[EventRounds "7"]
[EventCountry "BEL"]
[SourceTitle "EXT 2008"]
[Source "ChessBase"]
[SourceDate "2007.11.25"]
[SourceVersion "1"]
[SourceVersionDate "2007.11.25"]
[SourceQuality "1"]

1. d4 Nf6 2. c4 e6 3. Nc3 Bb4 4. Qc2 0-0 5. Nf3 c5 6. a3 Bxc3+ 7. Qxc3 cxd4 8. Nxd4 d5 9. Bg5 e5 10. Nc2 d4 11. Qf3 Nc6 12. 0-0-0 Na5 13. Bxf6 Qxf6 14. Qxf6 gxf6 15. e4 Be6 16. b4 Nxc4 17. Rd3 Rfc8 18. Kb1 Kf8 19. f3 Rc7 20. Be2 Rac8 21. h4 Nb6 22. Na1 Na4 23. Rd2 b5 24. Bd3 Bc4 25. Bc2 Nb6 26. g4 Be6 27. g5 Nc4 28. Rd3 Ne3 29. Bb3 Bc4 30. Rd2 fxg5 31. hxg5 Ke7 32. Rxh7 Rg8 33. Rh5 d3 34. a4 a6 35. axb5 axb5 36. Ra2 Rd7 37. Rd2 Nf1 38. Rg2 d2 39. Bd1 Ne3 40. Rg1 Nxd1 41. Rxd1 Be2 42. Rhh1 Bxf3 43. Rhf1 Be2 44. Rg1 Rxg5 45. Rxg5 Bxd1 46. Rxe5+ Kf8 0-1

[Event "FRA-chT3 North 0304"]
[Site "France"]
[Date "2003.11.15"]
[Round "2.4"]
[White "Ait Chaouche, Samy"]
[Black "Lecomte, Sam"]
[Result "0-1"]
[WhiteElo "2090"]
[BlackElo "2200"]
[PlyCount "48"]
[EventDate "2003.11.??"]
[EventType "team"]
[EventRounds "9"]
[EventCountry "FRA"]
[SourceTitle "EXT 2006"]
[Source "ChessBase"]
[SourceDate "2005.11.24"]
[SourceVersion "1"]
[SourceVersionDate "2005.11.24"]
[SourceQuality "1"]
[WhiteTeam "Baisieux"]
[BlackTeam "Aulnoye"]
[WhiteTeamCountry "FRA"]
[BlackTeamCountry "FRA"]

1. e4 g6 2. d4 Bg7 3. Nc3 d6 4. Be2 Nf6 5. h4 Nc6 6. d5 Ne5 7. Bf4 Bg4 8. f3 Bd7 9. Bg5 h5 10. Nh3 c6 11. Nf4 Nh7 12. Nh3 Nxg5 13. hxg5 Qb6 14. Qd2 Qxb2 15. Rb1 Nxf3+ 16. gxf3 Qxc3 17. Rxb7 cxd5 18. exd5 Bxh3 19. Rxh3 Qc8 20. Bb5+ Kf8 21. Bc6 Qxh3 22. Qb4 Qg3+ 23. Ke2 Qg2+ 24. Kd1 Be5 0-1